Pictures of Old Presidents Quiz Stats

Quiz not verified by Sporcle

Challenge
Share
Tweet
Score 0/18 Timer 10:00
0 Plays Today
% Correct
Richard Nixon
97.8%
Jimmy Carter
94.2%
Harry S Truman
93.5%
John Adams
93.5%
Herbert Hoover
93.5%
Grover Cleveland
90.6%
Rutherford B. Hayes
89.2%
Martin Van Buren
88.5%
Ulysses S. Grant
88.5%
% Correct
William H. Taft
87.8%
John Quincy Adams
85.6%
James Buchanan
84.9%
Andrew Johnson
82.7%
James Madison
79.9%
George H.W. Bush
74.8%
Gerald Ford
74.1%
Thomas Jefferson
70.5%
Andrew Jackson
64.7%

You're not logged in!

Compare scores with friends on all Sporcle quizzes.
Sign Up with Email
OR
Log In

You Might Also Like...

Show Comments

Extras

Top Quizzes Today


Score Distribution

Your Account Isn't Verified!

In order to create a playlist on Sporcle, you need to verify the email address you used during registration. Go to your Sporcle Settings to finish the process.